Statistics for Municipalities of Fukuoka Prefecture

Click here to take the quiz!

General Stats

  • This quiz has been taken 79 times
  • The average score is 34 of 60

Answers on the Map

Answers color-coded by a green-red scale on the quiz's map according to % correct below.
 

Answer Stats

Answer% Correct
Fukuoka 福岡
100%
Kitakyushu 北九州
89%
Kurume 久留米
86%
Dazaifu 太宰府
75%
Iizuka 飯塚
75%
Onojo 大野城
71%
Itoshima 糸島
68%
Omuta 大牟田
68%
Chikushino 筑紫野
64%
Kasuga 春日
64%
Sasaguri 篠栗
64%
Chikugo 筑後
61%
Chikuzen 筑前
61%
Fukutsu 福津
61%
Kama 嘉麻
61%
Munakata 宗像
61%
Nakagawa 那珂川
61%
Tagawa 田川
61%
Umi 宇美
61%
Yukuhashi 行橋
61%
Ashiya 芦屋
57%
Hisayama 久山
57%
Kasuya 粕屋
57%
Keisen 桂川
57%
Koga 古賀
57%
Nogata 直方
57%
Shime 志免
57%
Yanagawa 柳川
57%
Asakura 朝倉
54%
Kanda 苅田
54%
Miyawaka 宮若
54%
Nakama 中間
54%
Ogori 小郡
54%
Okagaki 岡垣
54%
Tachiarai 大刀洗
54%
Yame 八女
54%
Aka 赤
50%
Buzen 豊前
50%
Kawasaki 川崎
50%
Kotake 小竹
50%
Miyako みやこ
50%
Oki 大木
50%
Shingu 新宮
50%
Toho 東峰
50%
Ukiha うきは
50%
Yoshitomi 吉富
50%
Chikujo 築上
46%
Hirokawa 広川
46%
Kawara 香春
46%
Koge 上毛
46%
Mizumaki 水巻
46%
Okawa 大川
46%
Onga 遠賀
46%
Sue 須恵
46%
Fukuchi 福智
43%
Kurate 鞍手
43%
Miyama みやま
43%
Oto 大任
43%
Soeda 添田
43%
Itoda 糸田
36%

Score Distribution

Percentile by Number Answered

Percent of People with Each Score

Your Score History

You have not taken this quiz